000 00264nam a22001217a 4500
008 181207b xxu||||| |||| 00| 0 eng d
041 _aeng
080 _a159.9
100 _a49
101 _aPSY
245 _aPsychology Of Adolences
_cCole.L
942 _2udc
_cBK
999 _c52979
_d52979